000 00985nmc a2200325 a 4500
003 AR-BaBNM
005 20251128210343.0
008 230020s1986 ||||||||||||||000 | spa||
020 _a84-329-9413-8
040 _cAR-BaBNM
100 1 _aBaranoff, Timy
245 1 0 _aEl jardín de infancia minuto a minuto
250 _a3ª ed.
260 _aBarcelona
_bCEAC
_c1986
300 _a164 p.
_btablas, diagr.
490 0 _aEducación y enseñanza. Aula práctica
500 _aContiene apéndice con canciones, adivinanzas y juegos p. 137-155
650 4 _aTECNICAS DIDACTICAS
650 4 _aACTIVIDADES DE APRENDIZAJE
650 4 _aRELACION ALUMNO-DOCENTE
650 4 _aPARTICIPACION DE LOS PADRES
650 4 _aJUEGOS INFANTILES
650 4 _aJUEGOS EDUCATIVOS
653 _aEDUCACION INICIAL
653 _aORGANIZACION DEL ESPACIO ESCOLAR
653 _aORGANIZACION DEL TIEMPO ESCOLAR
800 1 _aSarramona, Jaume
_edirector
942 _cBK
998 _cRaquel
999 _c15096
_d15096